000 00653nam a22002297a 4500
003 UA-OsUOA
001 122850
007 ta
008 20170523b un ||||| |||| 00| 0 ukr d
100 _aГречана С. І.
700 _aПопова І. А.
090 _a330(477)
_bГ81
942 _cSA
040 _aUA-OsUOA
_bukr
_cUA-OsUOA
_dUA-OsUOA
245 _aРозвиток транспортних зв'язків у міжрегіональному співробітництві
300 _aС.56-67
955 _a0
041 _aukr
080 _a330(477)
773 0 _w122846
650 7 _a330 Економіка взагалі
_2UDC
999 _c409489
_d409489